Statistics for 'Heaven Is a Place on Earth' Missing Lyrics Quiz

Click here to take the quiz!

General Stats

  • This quiz has been taken 45 times
  • The average score is 41 of 49

Answer Stats

Lyrics% Correct
And you lift me up in a wave of {love}
100%
{Heaven}
100%
{Heaven}
100%
{Heaven}
100%
{Heaven}
100%
Ooh, {Heaven} is a place on Earth
100%
Ooh, {Heaven} is a place on Earth
100%
Ooh, {Heaven} is a place on Earth
100%
Ooh, {Heaven} is a place on Earth
100%
Ooh, {Heaven} is a place on Earth
100%
Ooh, {Heaven} is a place on Earth
100%
Ooh, {Heaven} is a place on Earth
100%
Ooh, {Heaven} is a place on Earth
100%
Ooh, {Heaven} is a place on Earth
100%
Ooh, {Heaven} is a place on Earth
100%
Ooh, {Heaven} is a place on Earth
100%
Ooh, {Heaven} is a place on Earth
100%
Ooh, {Heaven} is a place on Earth
100%
They say in Heaven, {love} comes first
100%
They say in Heaven, {love} comes first
100%
They say in Heaven, {love} comes first
100%
They say in Heaven, {love} comes first
100%
We'll make Heaven a place on {Earth}
100%
We'll make Heaven a place on {Earth}
100%
We'll make Heaven a place on {Earth}
100%
We'll make Heaven a place on {Earth}
100%
Ooh, baby do you know what that's {worth}
90%
Ooh, baby do you know what that's {worth}
90%
Ooh, baby do you know what that's {worth}
90%
Ooh, baby do you know what that's {worth}
90%
But I'm not {afraid} anymore
82%
But I'm not {afraid} anymore
82%
When you {walk} into the room
77%
In this {world}, we're just beginnin'
74%
In this {world}, we're just beginnin'
74%
I hear your {voice}, and it carries me
72%
You pull me {close}, and we start to move
67%
When I'm lost at {sea}
64%
And we're spinnin' with the {stars} above
62%
{Baby}, I was afraid before
59%
{Baby}, I was afraid before
59%
I {wait} for you, and you come around
59%
To understand the {miracle} of livin'
54%
To understand the {miracle} of livin'
54%
When I feel {alone}
54%
When the {night} falls down
54%
I {reach} for you, and you bring me home
33%
With the sound of {kids} on the street outside
33%
And the world's {alive}
28%

Score Distribution

Percentile by Number Answered

Percent of People with Each Score

Your Score History

You have not taken this quiz